| 000 | 00647nam a2200181 a 4500 | ||
|---|---|---|---|
| 001 | 000043943 | ||
| 005 | 20201002045046.0 | ||
| 008 | 140509s1977 sp 000 0 spa d | ||
| 020 | _a8472228053 | ||
| 040 |
_aDO-SdBNP _bspa _cBNPHU |
||
| 082 |
_axxxx _bxxxx |
||
| 100 | 1 |
_aCisquella, Georgina, _d1954- _971879 |
|
| 245 | 1 | 0 |
_aDiez años de represión cultural : _bla censura de libros durante la ley de Prensa (1966-76) / _cGeorgina Cisquella, José Luis Erviti, José A. Sorolla. |
| 260 |
_aBarcelona : _bAnagrama, _c1977. |
||
| 300 |
_a177 p. ; _c21 cm. |
||
| 700 | 1 | 2 |
_aErviti, José Luis, _d1948- _971880 |
| 700 | 1 | 2 |
_aSorolla, José A. _d1950- _971881 |
| 999 |
_c43432 _d43432 |
||